000
00302nam a22001337a 4500
008
171122b xxu||||| |||| 00| 0 eng d
020
_a
9781308168920
041
_a
eng
080
_2
3 ED
_a
330.122.6
100
_a
61
101
_a
KON
245
_a
FINANCIAL ACCOUTING
_c
THOMAS.H/S
942
_2
udc
_c
BK
999
_c
38287
_d
38287